000 00617nam a2200241 a 4500
001 nice12345678
003 IN_TiNIC
005 20260116011311.0
008 050524s1927 cama grp 000 0 eng
020 _a
_c100
082 0 0 _a297.61
_bBOW
100 _aBowen, Harold
245 _aLife and Times of Ali Ibn Isa, the Good Vizier
260 _aCambridge
_bCambridge University Press
_c1927
300 _a420p
500 _aincludes index and biblioraphy
505 2 _aIndex, Illus
650 _aIslam-Biography-Ali Ibn Isa
700 1 _aBowen, Harold
902 _bSRS
942 _cBK
999 _c313
_d313